| 000 | 01744cam a2200133 4500500 | ||
|---|---|---|---|
| 005 | 20260405085551.0 | ||
| 041 | _afre | ||
| 042 | _adc | ||
| 100 | 1 | 0 |
_aDaumas, Maurice _eauthor |
| 245 | 0 | 0 | _aImages et sociétés dans l'Europe moderne : 15e-18e siècles |
| 260 |
_bArmand Colin,
_c2000. |
||
| 520 | _aL'image n'est pas réductible aux splendeurs exposées dans les châteaux, les églises et les musées. Dès la Renaissance, où se développe le concept de beauté idéale, l'image envahit le quotidien : elle est un enjeu politique, un instrument de propagande, un support de la dévotion, un objet de distinction et, de plus en plus, un objet de délectation. Car la vue est bien le sens le plus célébré à l'époque moderne.Ce manuel, introduction à l'approche socio-historique de l'image, étudie la place croissante qu'occupe l'image dans l'espace quotidien des sociétés européennes du 15e au 18e siècle. Il entame sa réflexion sur les nouveautés techniques, représentatives et artistiques introduites par la Renaissance et s'achève sur l'apparition du système moderne de l'image au 18e siècle - et jusqu'à la Révolution -, avec salons, critique d'art et musées. Entre ces deux chapitres, des études thématiques abordent chronologiquement les aspects sociaux et idéologiques de la production et de l'utilisation des images : les artistes - hommes et femmes -, les clients et mécènes, l'image religieuse, le langage allégorique et le naturalisme, la fonction morale et cognitive de l'image, son rôle dans la distinction sociale et ses rapports avec le pouvoir politique. | ||
| 856 | 4 | 1 | _uhttps://shs.cairn.info/images-et-societes-dans-l-europe-moderne--9782200250775?lang=fr&redirect-ssocas=7080 |
| 999 |
_c2198585 _d2198585 |
||